[Event "4NCL Division 1d"]
[Site "Hinckley Island ENG"]
[Date "2014.05.05"]
[Round "11.152"]
[White "Mangione, Claudio"]
[Black "McMichael, Richard J"]
[Result "1/2-1/2"]
[WhiteElo "2202"]
[BlackElo "2214"]
[PlyCount "114"]
[EventDate "2014.05.05"]
[WhiteTeam "Grantham Sharks 2"]
[BlackTeam "Kings Head 1"]

1. c4 b6 2. Nc3 e6 3. e4 Bb7 4. Nge2 c5 5. g3 Nf6 6. Bg2 Be7 7. O-O Nc6 8. d4
cxd4 9. Nxd4 O-O 10. b3 Rb8 11. Bb2 a6 12. Rc1 Nxd4 13. Qxd4 Bc5 14. Qd3 Qc7
15. h3 Ne8 16. Na4 Be7 17. Bd4 Bc6 18. Nc3 Bc5 19. Rfd1 Rd8 20. Rc2 f5 21. Bxc5
bxc5 22. Qe3 Qb6 23. Rcd2 Rf7 24. Rd3 g6 25. exf5 Rxf5 26. Ne4 Bxe4 27. Qxe4
Rf7 28. Qb7 Qxb7 29. Bxb7 a5 30. Bc6 Nf6 31. Rd6 Rdf8 32. Bg2 Ne8 33. Rxd7 Rxf2
34. R1d2 Rxd2 35. Rxd2 Ng7 36. Rd6 Nf5 37. Rxe6 Nxg3 38. Bd5 Kg7 39. Ra6 Ne2+
40. Kh1 Rf2 41. Rxa5 Nf4 42. Rxc5 h5 43. h4 g5 44. hxg5 h4 45. Be4 Rf1+ 46. Kh2
Rf2+ 47. Kg1 Nh3+ 48. Kh1 Rxa2 49. Rc7+ Kf8 50. Rc8+ Kf7 51. Rc7+ Kf8 52. g6
Nf2+ 53. Kg2 Nxe4+ 54. Kh3 Rb2 55. Kxh4 Rxb3 56. c5 Nxc5 57. Rxc5 Kg7 1/2-1/2

[Event "4NCL Division 1d"]
[Site "Hinckley Island ENG"]
[Date "2014.05.05"]
[Round "11.154"]
[White "McGowan, Daniel"]
[Black "Kwiatkowski, Feliks J"]
[Result "0-1"]
[WhiteElo "2097"]
[BlackElo "2223"]
[PlyCount "64"]
[EventDate "2014.05.05"]
[WhiteTeam "Grantham Sharks 2"]
[BlackTeam "Kings Head 1"]

1. e4 c5 2. Nf3 Nc6 3. Bb5 d6 4. O-O Bd7 5. Re1 Nf6 6. c3 a6 7. Bf1 Bg4 8. d3
e6 9. Be3 Be7 10. Nbd2 d5 11. Be2 O-O 12. exd5 Nxd5 13. Nf1 Qc7 14. Qa4 Bf5 15.
d4 b5 16. Qd1 Rfd8 17. Qc1 cxd4 18. Bxd4 Nf4 19. Qe3 Nxd4 20. Nxd4 Bc5 21. Ng3
Bg6 22. Bf3 Rac8 23. Rad1 Nd3 24. Rxd3 Bxd3 25. Qxd3 e5 26. Re4 exd4 27. Rh4 g6
28. cxd4 Be7 29. Rg4 Qc2 30. Be4 Qxd3 31. Bxd3 Rc1+ 32. Nf1 Bf6 0-1

[Event "4NCL Division 1d"]
[Site "Hinckley Island ENG"]
[Date "2014.05.05"]
[Round "11.155"]
[White "Haria, Ravi"]
[Black "Cairns, Stephen"]
[Result "1-0"]
[WhiteElo "2207"]
[BlackElo "2042"]
[PlyCount "61"]
[EventDate "2014.05.05"]
[WhiteTeam "Kings Head 1"]
[BlackTeam "Grantham Sharks 2"]

1. e4 c5 2. Nf3 Nc6 3. Bb5 g6 4. Bxc6 dxc6 5. d3 Bg7 6. h3 f6 7. Be3 b6 8. Qd2
e5 9. Nc3 Be6 10. O-O Ne7 11. a3 c4 12. d4 O-O 13. Qe2 exd4 14. Nxd4 Bf7 15. a4
Qc7 16. Qg4 Qc8 17. Qg3 Rd8 18. Rfd1 f5 19. Qh4 Rd7 20. Nf3 Kh8 21. Bh6 Bxh6
22. Qxh6 fxe4 23. Nxe4 Nf5 24. Qf4 Re7 25. g4 Bd5 26. Re1 Ng7 27. Ne5 Qc7 28.
Nf6 Ne6 29. Qd2 Nc5 30. Nxg6+ hxg6 31. Rxe7 1-0

[Event "4NCL Division 1d"]
[Site "Hinckley Island ENG"]
[Date "2014.05.05"]
[Round "11.156"]
[White "McCarthy, Kevin C"]
[Black "Mackenzie, Colin"]
[Result "1-0"]
[WhiteElo "1992"]
[BlackElo "2078"]
[PlyCount "83"]
[EventDate "2014.05.05"]
[WhiteTeam "Grantham Sharks 2"]
[BlackTeam "Kings Head 1"]

1. c4 c5 2. g3 Nc6 3. Bg2 g6 4. Nc3 Bg7 5. d3 d6 6. Nf3 Nf6 7. a3 a5 8. O-O O-O
9. Rb1 Ne8 10. Bd2 Nc7 11. Re1 e5 12. Qc1 Bg4 13. h3 Bxf3 14. Bxf3 Rb8 15. Nd5
Nd4 16. Bxa5 b6 17. Bxb6 Rxb6 18. Nxb6 Nxf3+ 19. exf3 Ne6 20. Nd5 f5 21. b4 f4
22. g4 e4 23. dxe4 Qh4 24. Kg2 Nd4 25. Rh1 Nc6 26. b5 Bd4 27. Qc2 Ne5 28. Rbf1
Ra8 29. Qb3 h5 30. Rh2 Kg7 31. Nxf4 Nxf3 32. Qxf3 Be5 33. Ne6+ Kg8 34. Qe2 Bxh2
35. Kxh2 Rxa3 36. f3 hxg4 37. Qg2 g3+ 38. Kh1 Rd3 39. Nc7 g5 40. Nd5 g4 41.
fxg4 Qh6 42. Ne7+ 1-0

[Event "4NCL Division 1d"]
[Site "Hinckley Island ENG"]
[Date "2014.05.05"]
[Round "11.157"]
[White "Okike, David C"]
[Black "Summerscale, Claire E"]
[Result "1-0"]
[WhiteElo "2159"]
[BlackElo "1941"]
[PlyCount "97"]
[EventDate "2014.05.05"]
[WhiteTeam "Kings Head 1"]
[BlackTeam "Grantham Sharks 2"]

1. e4 e5 2. Nf3 d6 3. d4 Qe7 4. d5 Nf6 5. Nc3 c6 6. h3 Nbd7 7. Be3 c5 8. a4 a6
9. Nd2 g6 10. Nc4 Bg7 11. Qd2 b6 12. Be2 Rb8 13. Bf3 O-O 14. Bg5 Rd8 15. O-O
Nf8 16. Rfe1 Qc7 17. h4 h5 18. g3 N8h7 19. Bg2 Nxg5 20. Qxg5 Ng4 21. Qd2 Bh6
22. Qe2 f5 23. exf5 Bxf5 24. Be4 Qf7 25. f3 Nf6 26. Rad1 Qd7 27. b3 Rf8 28. Kg2
Bh3+ 29. Kh2 Bf5 30. Rf1 Rf7 31. Qd3 b5 32. Nd2 b4 33. Ncb1 Ra8 34. Nc4 Bxe4
35. fxe4 Ng4+ 36. Kg1 Raf8 37. Rxf7 Qxf7 38. Rf1 Qxf1+ 39. Qxf1 Rxf1+ 40. Kxf1
Ne3+ 41. Nxe3 Bxe3 42. Ke2 Bc1 43. Nd2 Bxd2 44. Kxd2 Kf7 45. c3 bxc3+ 46. Kxc3
Ke7 47. b4 Kd7 48. bxc5 dxc5 49. Kc4 1-0

[Event "4NCL Division 1d"]
[Site "Hinckley Island ENG"]
[Date "2014.05.05"]
[Round "11.161"]
[White "Zakarian, David"]
[Black "Mah, Karl CC"]
[Result "0-1"]
[WhiteElo "2403"]
[BlackElo "2403"]
[PlyCount "106"]
[EventDate "2014.05.05"]
[WhiteTeam "Oxford 1"]
[BlackTeam "Cambridge University 1"]

1. e4 c5 2. b3 g6 3. Bb2 Nf6 4. Nc3 Bg7 5. e5 Nh5 6. Nd5 d6 7. g4 dxe5 8. Nxe7
Qxe7 9. gxh5 O-O 10. hxg6 fxg6 11. Bc4+ Kh8 12. Qe2 Nc6 13. O-O-O Nd4 14. Qe3
Bg4 15. Rf1 b5 16. Bd3 Rac8 17. f3 c4 18. Be4 Qc7 19. Ne2 Bh3 20. Rf2 Nf5 21.
Qc3 Qb6 22. Bxf5 Bxf5 23. Rff1 cxb3 24. Qxb3 Bxc2 25. Qxc2 Rxc2+ 26. Kxc2 Qc6+
27. Kb1 Rxf3 28. Ng3 Rxf1+ 29. Rxf1 Qg2 30. Rc1 h5 31. d3 Qxh2 32. Rc8+ Kh7 33.
Ne4 Qg1+ 34. Kc2 g5 35. Bc1 g4 36. Rc6 g3 37. Ng5+ Kg8 38. Rc8+ Bf8 39. Ba3
Qf2+ 40. Kb3 g2 41. Bxf8 Qf5 42. Rd8 Qxg5 43. Be7+ Kf7 44. Bxg5 g1=Q 45. Bh4
Qg4 46. Bf2 h4 47. Bxh4 Qxh4 48. Rd7+ Ke6 49. Rxa7 Qd4 50. Ra6+ Kd5 51. Kc2
Qf2+ 52. Kc3 Qe1+ 53. Kc2 b4 0-1

[Event "4NCL Division 1d"]
[Site "Hinckley Island ENG"]
[Date "2014.05.05"]
[Round "11.162"]
[White "Dearing, Edward J"]
[Black "Rose, Matthew"]
[Result "1/2-1/2"]
[WhiteElo "2416"]
[BlackElo "2315"]
[PlyCount "54"]
[EventDate "2014.05.05"]
[WhiteTeam "Cambridge University 1"]
[BlackTeam "Oxford 1"]

1. d4 Nf6 2. c4 g6 3. Nc3 Bg7 4. e4 d6 5. Nf3 O-O 6. Be2 e5 7. O-O exd4 8. Nxd4
Re8 9. f3 Nc6 10. Be3 Nh5 11. Qd2 Nxd4 12. Bxd4 Nf4 13. Rfd1 Qg5 14. Bf1 Bxd4+
15. Qxd4 Ne6 16. Qf2 Qc5 17. Rd2 b6 18. Rd5 Qxf2+ 19. Kxf2 Bd7 20. Rd2 a5 21.
g3 Kg7 22. h4 a4 23. Be2 Bc6 24. Rc1 Ra5 25. Bd1 h6 26. Bc2 f6 27. Nd1 Rc5
1/2-1/2

[Event "4NCL Division 1d"]
[Site "Hinckley Island ENG"]
[Date "2014.05.05"]
[Round "11.163"]
[White "Tan, Justin"]
[Black "Pinter, Gabor"]
[Result "1-0"]
[WhiteElo "2363"]
[BlackElo "2353"]
[PlyCount "37"]
[EventDate "2014.05.05"]
[WhiteTeam "Oxford 1"]
[BlackTeam "Cambridge University 1"]

1. e4 c5 2. Nf3 e6 3. d4 cxd4 4. Nxd4 a6 5. Bd3 Nc6 6. Nxc6 bxc6 7. O-O d5 8.
Nd2 Nf6 9. b3 Be7 10. Bb2 O-O 11. Qf3 Bb7 12. Rae1 Qa5 13. Re2 Qxa2 14. Bc3 Qa3
15. e5 Ne4 16. Bxe4 dxe4 17. Nxe4 Bd8 18. Rd2 Qe7 19. Nf6+ 1-0

[Event "4NCL Division 1d"]
[Site "Hinckley Island ENG"]
[Date "2014.05.05"]
[Round "11.164"]
[White "Camus de Solliers, Guillaume"]
[Black "Eckersley-Waites, Tom"]
[Result "1-0"]
[WhiteElo "2351"]
[BlackElo "2275"]
[PlyCount "117"]
[EventDate "2014.05.05"]
[WhiteTeam "Cambridge University 1"]
[BlackTeam "Oxford 1"]

1. d4 d5 2. c4 e6 3. Nc3 c5 4. cxd5 exd5 5. Nf3 Nc6 6. g3 Nf6 7. Bg2 Be7 8. O-O
O-O 9. Bg5 c4 10. Ne5 Be6 11. Nxc6 bxc6 12. b3 h6 13. Bxf6 Bxf6 14. Rc1 Rc8 15.
bxc4 dxc4 16. e3 Qa5 17. Qa4 Qxa4 18. Nxa4 Be7 19. Rc2 Ba3 20. Rd1 Rc7 21. Bf1
c5 22. d5 Bg4 23. Be2 Bd7 24. Nc3 Rb7 25. Bxc4 Rb4 26. Bd3 Rfb8 27. Rdd2 Bh3
28. f3 c4 29. Be2 Bf5 30. e4 Bh3 31. f4 g5 32. Kf2 Rb1 33. Nxb1 Bc5+ 34. Ke1
Rxb1+ 35. Bd1 Bg4 36. Rxc4 Be3 37. Rcd4 Kf8 38. e5 gxf4 39. gxf4 Bxd2+ 40. Rxd2
Ke7 41. h3 Bxd1 42. d6+ Kd7 43. Rxd1 Rb4 44. Rc1 Rxf4 45. Rc7+ Kd8 46. Re7 a5
47. Ke2 a4 48. Ke3 Rf1 49. Ke4 a3 50. Ra7 Re1+ 51. Kd5 Rd1+ 52. Kc4 Re1 53. Kd4
Rd1+ 54. Kc4 Re1 55. Re7 Rf1 56. Kb3 Rf3+ 57. Kb4 Rxh3 58. Rxf7 Re3 59. Kc5 1-0

[Event "4NCL Division 1d"]
[Site "Hinckley Island ENG"]
[Date "2014.05.05"]
[Round "11.165"]
[White "Dickenson, Neil F"]
[Black "Bisby, Daniel L"]
[Result "0-1"]
[WhiteElo "2306"]
[BlackElo "2310"]
[PlyCount "104"]
[EventDate "2014.05.05"]
[WhiteTeam "Oxford 1"]
[BlackTeam "Cambridge University 1"]

1. d4 Nf6 2. c4 g6 3. Nc3 Bg7 4. e4 d6 5. h3 O-O 6. Be3 Nbd7 7. Nf3 e5 8. d5 a5
9. Be2 Nh5 10. g3 Bf6 11. Nh2 Ng7 12. Qd2 Be7 13. g4 Nc5 14. Rg1 c6 15. Nf3
cxd5 16. cxd5 a4 17. Bxc5 dxc5 18. O-O-O Bd6 19. a3 Bd7 20. h4 f6 21. Qh6 Be8
22. Rh1 c4 23. Qe3 Bd7 24. Bxc4 Qa5 25. h5 g5 26. h6 Ne8 27. Nd2 Rc8 28. Kc2
Kh8 29. Be2 Bc5 30. Nc4 Qa7 31. Qd3 b5 32. Nd2 Nd6 33. Kb1 b4 34. axb4 Bxb4 35.
Na2 Bc5 36. Qa6 Qb8 37. Rh3 Bd4 38. b4 Nb5 39. Rc1 Rxc1+ 40. Kxc1 Qc7+ 41. Kd1
Nd6 42. Ke1 Rc8 43. Nc4 Ne8 44. Rg3 Qb8 45. Na3 Nd6 46. Rf3 Rf8 47. Nc4 Nxe4
48. Bd3 Nxf2 49. Rxf2 e4 50. Rg2 exd3 51. Qd6 Qe8+ 52. Kd2 Bb5 0-1

[Event "4NCL Division 1d"]
[Site "Hinckley Island ENG"]
[Date "2014.05.05"]
[Round "11.166"]
[White "Eckersley-Waites, Adam"]
[Black "Savage, Ben DM"]
[Result "1/2-1/2"]
[WhiteElo "2275"]
[BlackElo "2265"]
[PlyCount "137"]
[EventDate "2014.05.05"]
[WhiteTeam "Cambridge University 1"]
[BlackTeam "Oxford 1"]

1. e4 d5 2. exd5 Qxd5 3. Nc3 Qd6 4. g3 c6 5. Bg2 Nf6 6. Nf3 Bf5 7. O-O e6 8. d3
h6 9. Qe2 Be7 10. Ne4 Qd8 11. Bf4 O-O 12. Rfe1 Nd5 13. Bd2 Nb4 14. Rec1 Nd7 15.
a3 Nd5 16. b4 N5f6 17. Rab1 Rc8 18. c4 c5 19. b5 b6 20. a4 Nxe4 21. dxe4 Bg4
22. Bc3 Qc7 23. h3 Bxf3 24. Bxf3 Bf6 25. Bxf6 Nxf6 26. e5 Nd7 27. Re1 Rfd8 28.
Rbd1 Nf8 29. Be4 Rxd1 30. Rxd1 Rd8 31. Rxd8 Qxd8 32. Qd3 Qxd3 33. Bxd3 Nd7 34.
f4 f6 35. exf6 Nxf6 36. Bg6 Kf8 37. Kf2 Ke7 38. g4 Nd7 39. Ke3 Nf8 40. Bd3 g5
41. Ke4 Nd7 42. f5 Kd6 43. Ke3 Nf6 44. fxe6 Kxe6 45. Be4 Ne8 46. Bf5+ Ke5 47.
Be4 Nd6 48. Bd3 Nb7 49. Bb1 Nd8 50. Bf5 h5 51. Bc8 h4 52. Bf5 Nf7 53. Bg6 Nd6
54. Bd3 Ne8 55. Be4 Ke6 56. Kd2 Nd6 57. Bd3 Kf6 58. Ke2 Nb7 59. Bb1 Nd8 60. Bf5
Nf7 61. Be4 Ne5 62. Bd3 Nf7 63. Be4 Ke5 64. Ke3 Nd6 65. Bd3 Ke6 66. Kf2 Kd7 67.
Ke3 Kc7 68. Kd2 Kb7 69. Kc3 1/2-1/2

[Event "4NCL Division 1d"]
[Site "Hinckley Island ENG"]
[Date "2014.05.05"]
[Round "11.167"]
[White "Coleman, James"]
[Black "Chevannes, Sabrina L"]
[Result "1/2-1/2"]
[WhiteElo "2144"]
[BlackElo "2158"]
[PlyCount "50"]
[EventDate "2014.05.05"]
[WhiteTeam "Oxford 1"]
[BlackTeam "Cambridge University 1"]

1. e4 c6 2. d4 d5 3. exd5 cxd5 4. c4 Nf6 5. Nc3 Nc6 6. Bg5 Qa5 7. Bxf6 exf6 8.
cxd5 Bb4 9. dxc6 Bxc3+ 10. bxc3 Qxc3+ 11. Ke2 O-O 12. f3 Re8+ 13. Kf2 Qe3+ 14.
Kg3 Qg5+ 15. Kf2 Qe3+ 16. Kg3 Re4 17. h3 Qf4+ 18. Kf2 Qe3+ 19. Kg3 Qf4+ 20. Kf2
Qe3+ 21. Kg3 Qf4+ 22. Kf2 Qe3+ 23. Kg3 Qf4+ 24. Kf2 Qe3+ 25. Kg3 Qf4+ 1/2-1/2

[Event "4NCL Division 1d"]
[Site "Hinckley Island ENG"]
[Date "2014.05.05"]
[Round "11.168"]
[White "Hill, Alistair"]
[Black "Foster, Chantelle L"]
[Result "1/2-1/2"]
[WhiteElo "2142"]
[BlackElo "1870"]
[PlyCount "89"]
[EventDate "2014.05.05"]
[WhiteTeam "Cambridge University 1"]
[BlackTeam "Oxford 1"]

1. e4 c5 2. Nf3 e6 3. d4 cxd4 4. Nxd4 Nc6 5. Nc3 Qc7 6. g3 a6 7. Bg2 b5 8. O-O
Bb7 9. a4 b4 10. Nce2 Nf6 11. c3 Nxd4 12. Qxd4 Bc5 13. Bf4 Qb6 14. Qd3 bxc3 15.
Nxc3 O-O 16. a5 Qa7 17. Na4 Bd4 18. Bc7 Bc6 19. Bb6 Bxb6 20. Nxb6 Bb5 21. Qd6
Bxf1 22. Rxf1 Rad8 23. Rd1 Rfe8 24. f3 e5 25. Bh3 Qb8 26. b4 Qa7 27. Kh1 Qb8
28. Qxb8 Rxb8 29. Bf1 Re6 30. Ra1 g6 31. Ra4 Kg7 32. Bxa6 d5 33. Bd3 dxe4 34.
fxe4 Rexb6 35. axb6 Rxb6 36. b5 Nd7 37. Ra6 Rb7 38. Rc6 h6 39. Kg2 Nb8 40. Rd6
Nd7 41. Kf3 Nc5 42. Bc4 Ne6 43. Bxe6 fxe6 44. Rxe6 Rxb5 45. h4 1/2-1/2

[Event "4NCL Division 1d"]
[Site "Hinckley Island ENG"]
[Date "2014.05.05"]
[Round "11.171"]
[White "Landa, Konstantin"]
[Black "Gordon, Stephen J"]
[Result "1-0"]
[WhiteElo "2639"]
[BlackElo "2493"]
[PlyCount "105"]
[EventDate "2014.05.05"]
[WhiteTeam "Blackthorne Russia"]
[BlackTeam "3Cs 1"]

1. e4 c5 2. Nf3 d6 3. d4 cxd4 4. Qxd4 Nc6 5. Bb5 Bd7 6. Bxc6 Bxc6 7. Nc3 e5 8.
Qd3 h6 9. Nd5 Nf6 10. c4 Nxd5 11. cxd5 Bd7 12. O-O Be7 13. Be3 O-O 14. Nd2 f5
15. exf5 Bxf5 16. Qb3 Bg5 17. Rac1 Bxe3 18. Qxe3 Qa5 19. Nc4 Qxa2 20. Nxd6 Qxd5
21. Rfd1 Qe6 22. Nxb7 Qe7 23. Na5 e4 24. Nc6 Qb7 25. Rc5 Rae8 26. b4 a6 27. h3
Rf6 28. Rdc1 Bg6 29. R1c4 Qd7 30. Ne5 Qd1+ 31. Kh2 Qd6 32. Rd4 Qb8 33. Qg3 Rfe6
34. Rd7 Rxe5 35. Rcc7 Qxc7 36. Rxc7 Kh7 37. Ra7 e3 38. fxe3 Rg5 39. Qf4 Bd3 40.
Rd7 Bb5 41. Rc7 Kh8 42. Qf7 Rg8 43. Re7 Bc6 44. e4 Rb5 45. Qg6 Bb7 46. Qd6 Bc8
47. Rc7 Bb7 48. Qe7 Ba8 49. Ra7 Rbb8 50. e5 Rbd8 51. Rxa6 Rge8 52. Qh4 Rd5 53.
Qf4 1-0

[Event "4NCL Division 1d"]
[Site "Hinckley Island ENG"]
[Date "2014.05.05"]
[Round "11.172"]
[White "Ashton, Adam G"]
[Black "Gormally, Daniel W"]
[Result "0-1"]
[WhiteElo "2395"]
[BlackElo "2492"]
[PlyCount "122"]
[EventDate "2014.05.05"]
[WhiteTeam "3Cs 1"]
[BlackTeam "Blackthorne Russia"]

1. e4 c5 2. c3 Nf6 3. e5 Nd5 4. Nf3 Nc6 5. Bc4 Nb6 6. Bb3 d5 7. exd6 e6 8. d4
cxd4 9. Nxd4 Nxd4 10. Qxd4 Qxd6 11. Be3 Bd7 12. Nd2 Bc6 13. Nf3 Qxd4 14. Bxd4
Be7 15. O-O O-O 16. Ne5 Rfc8 17. Nxc6 bxc6 18. Bxb6 axb6 19. Rfd1 Ra7 20. a3 g6
21. Kf1 b5 22. Bc2 c5 23. Be4 Bf6 24. Ke2 Kg7 25. Rac1 Rb8 26. Bc6 Ra6 27. Bd7
Kf8 28. Rc2 Be5 29. b3 Rxa3 30. c4 bxc4 31. bxc4 Ke7 32. Bb5 Bd4 33. Rd3 Ra5
34. f4 f5 35. Rd1 Kf6 36. Rd3 Rba8 37. Bc6 R8a7 38. Bf3 Re7 39. Rb3 e5 40. Rb6+
Kg7 41. fxe5 Bxe5 42. Rb7 Rxb7 43. Bxb7 Bxh2 44. Rd2 Kf6 45. Rd7 h5 46. Bd5 Be5
47. Rb7 Ra6 48. Rh7 Kg5 49. Re7 Bd4 50. Re6 Ra2+ 51. Ke1 h4 52. Rc6 Ra7 53. Ke2
Re7+ 54. Re6 Rh7 55. Rc6 Re7+ 56. Re6 Rxe6+ 57. Bxe6 Kf4 58. Bf7 g5 59. Be6 Kg3
60. Kf1 f4 61. Bd5 g4 0-1

[Event "4NCL Division 1d"]
[Site "Hinckley Island ENG"]
[Date "2014.05.05"]
[Round "11.173"]
[White "Hunt, Adam C"]
[Black "Milliet, Sophie"]
[Result "1-0"]
[WhiteElo "2434"]
[BlackElo "2390"]
[PlyCount "55"]
[EventDate "2014.05.05"]
[WhiteTeam "Blackthorne Russia"]
[BlackTeam "3Cs 1"]

1. e4 c5 2. Nf3 Nc6 3. d4 cxd4 4. Nxd4 e5 5. Nb5 d6 6. c4 Be7 7. N1c3 a6 8. Na3
Be6 9. Bd3 Bg5 10. Nc2 Bxc1 11. Rxc1 Nf6 12. O-O Qb6 13. b3 O-O 14. Kh1 Nd7 15.
Ne3 g6 16. g3 Nd4 17. f4 f6 18. f5 Bf7 19. fxg6 hxg6 20. Qg4 Qd8 21. Nf5 Nc5
22. Rcd1 Nxf5 23. exf5 g5 24. h4 Qe8 25. Be2 Kg7 26. hxg5 Rh8+ 27. Kg2 Qc6+ 28.
Bf3 1-0

[Event "4NCL Division 1d"]
[Site "Hinckley Island ENG"]
[Date "2014.05.05"]
[Round "11.174"]
[White "Longson, Alexander"]
[Black "Ledger, Andrew J"]
[Result "1/2-1/2"]
[WhiteElo "2337"]
[BlackElo "2392"]
[PlyCount "32"]
[EventDate "2014.05.05"]
[WhiteTeam "3Cs 1"]
[BlackTeam "Blackthorne Russia"]

1. e4 e6 2. d4 d5 3. Nd2 dxe4 4. Nxe4 Nd7 5. Nf3 Ngf6 6. Nxf6+ Nxf6 7. c3 c5 8.
Ne5 a6 9. Qa4+ Nd7 10. Bf4 cxd4 11. cxd4 Qe7 12. Bb5 f6 13. Bxd7+ Bxd7 14.
Qxd7+ Qxd7 15. Nxd7 Kxd7 16. Rc1 Rc8 1/2-1/2

[Event "4NCL Division 1d"]
[Site "Hinckley Island ENG"]
[Date "2014.05.05"]
[Round "11.175"]
[White "Ansell, Simon T"]
[Black "Qiu, Tong"]
[Result "1/2-1/2"]
[WhiteElo "2366"]
[BlackElo "2307"]
[PlyCount "83"]
[EventDate "2014.05.05"]
[WhiteTeam "Blackthorne Russia"]
[BlackTeam "3Cs 1"]

1. e4 c5 2. Nf3 Nc6 3. d4 cxd4 4. Nxd4 Nf6 5. Nc3 e5 6. Nf5 d5 7. exd5 Bxf5 8.
dxc6 bxc6 9. Qf3 Qc8 10. Ba6 Qxa6 11. Qxf5 Bb4 12. Qxe5+ Kf8 13. Qe2 Re8 14.
Be3 Qa5 15. Qc4 Bxc3+ 16. Qxc3 Qxc3+ 17. bxc3 Nd5 18. Kd2 Nxe3 19. fxe3 h5 20.
Rhf1 Rh6 21. Rf4 Rd6+ 22. Rd4 Rf6 23. Re1 Rf2+ 24. Re2 Rf1 25. Kd3 Re5 26. e4
Ra5 27. Rc4 c5 28. e5 Ke7 29. g4 h4 30. g5 Rd1+ 31. Rd2 Rxd2+ 32. Kxd2 h3 33.
a4 Ke6 34. Rh4 Kxe5 35. Rxh3 Rxa4 36. Rh7 Ke6 37. Rxg7 Rh4 38. g6 Rxh2+ 39. Kc1
fxg6 40. Rxg6+ Kd5 41. Rg7 a6 42. Rg6 1/2-1/2

[Event "4NCL Division 1d"]
[Site "Hinckley Island ENG"]
[Date "2014.05.05"]
[Round "11.176"]
[White "Walton, Alan J"]
[Black "Bates, Richard A"]
[Result "1-0"]
[WhiteElo "2118"]
[BlackElo "2342"]
[PlyCount "121"]
[EventDate "2014.05.05"]
[WhiteTeam "3Cs 1"]
[BlackTeam "Blackthorne Russia"]

1. d4 Nf6 2. Bg5 Ne4 3. Bf4 c5 4. f3 Qa5+ 5. c3 Nf6 6. d5 Qb6 7. e4 Qxb2 8. Nd2
Qxc3 9. Bc7 d6 10. Rb1 Nfd7 11. Bb5 g6 12. Ne2 Qf6 13. O-O Bg7 14. f4 O-O 15.
Kh1 Qh4 16. Nf3 Qh5 17. Ba5 a6 18. Ng3 Qg4 19. Be2 Qxf4 20. Bd2 Qg4 21. Ng1 Qh4
22. Rf4 Qxf4 23. Bxf4 b5 24. Qd2 Ne5 25. Bh6 Nbd7 26. Rf1 Nf6 27. h3 Bd7 28.
Nf3 Nxf3 29. Rxf3 Rfe8 30. Bxg7 Kxg7 31. e5 dxe5 32. Qc3 Rad8 33. Qxe5 Bc8 34.
Rd3 Bb7 35. Ne4 c4 36. Rd1 Bxd5 37. Nc5 Rd6 38. Qc3 Rc8 39. Nxa6 Rxa6 40. Rxd5
b4 41. Qd4 Rac6 42. Bd1 Ra8 43. Rd7 Re6 44. Bf3 Rc8 45. Bb7 Rb8 46. Bd5 Re1+
47. Kh2 b3 48. axb3 cxb3 49. Qb2 Rb5 50. Rd8 Re3 51. Bf3 Ra5 52. Qd2 Rae5 53.
Rb8 h5 54. Qd8 Kh6 55. Qf8+ Kg5 56. Qxf7 Rf5 57. h4+ Kxh4 58. Qxg6 Rfxf3 59.
gxf3 Re2+ 60. Kg1 b2 61. Qd3 1-0

[Event "4NCL Division 1d"]
[Site "Hinckley Island ENG"]
[Date "2014.05.05"]
[Round "11.177"]
[White "Ledger, Dave J"]
[Black "Abbas, Daniel"]
[Result "0-1"]
[WhiteElo "2244"]
[BlackElo "1991"]
[PlyCount "58"]
[EventDate "2014.05.05"]
[WhiteTeam "Blackthorne Russia"]
[BlackTeam "3Cs 1"]

1. e4 c5 2. Nf3 e6 3. d4 cxd4 4. Nxd4 a6 5. Bd3 Bc5 6. Nb3 Ba7 7. Qg4 Nf6 8.
Qg3 d6 9. Nc3 Nc6 10. f4 e5 11. Nd5 Ng4 12. Rf1 Ne7 13. f5 Nxd5 14. Qxg4 Nf6
15. Qxg7 Rg8 16. Qh6 Rxg2 17. h3 d5 18. exd5 e4 19. Be2 Nxd5 20. Bd2 Qc7 21.
Qxh7 Qg3+ 22. Kd1 Qd6 23. f6 Ne3+ 24. Kc1 Rxe2 25. Rg1 Ng4 26. hxg4 Bxg1 27. g5
Bg4 28. g6 Re1+ 29. Bxe1 Qd1# 0-1

[Event "4NCL Division 1d"]
[Site "Hinckley Island ENG"]
[Date "2014.05.05"]
[Round "11.178"]
[White "Burton, Graham P"]
[Black "Atkins, Rita"]
[Result "1/2-1/2"]
[WhiteElo "2043"]
[BlackElo "2141"]
[PlyCount "45"]
[EventDate "2014.05.05"]
[WhiteTeam "3Cs 1"]
[BlackTeam "Blackthorne Russia"]

1. e4 d6 2. d4 Nf6 3. Nc3 c6 4. Nf3 Bg4 5. h3 Bh5 6. Be2 Nbd7 7. O-O e5 8. Be3
Be7 9. Qd2 O-O 10. Rad1 b5 11. dxe5 Nxe5 12. Nxe5 dxe5 13. Bxh5 Qxd2 14. Rxd2
Nxh5 15. Rd7 Bb4 16. f3 a5 17. Rfd1 Nf6 18. Rc7 Rfc8 19. Rxc8+ Rxc8 20. Ne2 Be7
21. g4 Rd8 22. Rxd8+ Bxd8 23. b3 1/2-1/2

[Event "4NCL Division 1d"]
[Site "Hinckley Island ENG"]
[Date "2014.05.05"]
[Round "11.181"]
[White "Pert, Nicholas"]
[Black "Turner, Matthew J"]
[Result "1-0"]
[WhiteElo "2552"]
[BlackElo "2499"]
[PlyCount "59"]
[EventDate "2014.05.05"]
[WhiteTeam "Wood Green HK 2"]
[BlackTeam "Barbican 4NCL 1"]

1. Nf3 Nf6 2. g3 e6 3. Bg2 d5 4. O-O Be7 5. c4 O-O 6. b3 c5 7. cxd5 exd5 8. Bb2
Nc6 9. d4 Bg4 10. dxc5 Bxc5 11. Nc3 a6 12. h3 Bh5 13. e3 Ba7 14. Ne2 Bg6 15.
Nh4 Be4 16. Bxe4 Nxe4 17. Nf5 Qg5 18. Qxd5 Nd6 19. g4 Rad8 20. Rad1 Nb4 21.
Qxd6 Rxd6 22. Rxd6 h5 23. Neg3 Re8 24. Bxg7 Re6 25. Rfd1 Nc6 26. h4 Qxg4 27.
Rd8+ Nxd8 28. Rxd8+ Kh7 29. Rh8+ Kg6 30. Rh6# 1-0

[Event "4NCL Division 1d"]
[Site "Hinckley Island ENG"]
[Date "2014.05.05"]
[Round "11.182"]
[White "Cox, John J"]
[Black "Pert, Richard G"]
[Result "1/2-1/2"]
[WhiteElo "2396"]
[BlackElo "2434"]
[PlyCount "121"]
[EventDate "2014.05.05"]
[WhiteTeam "Barbican 4NCL 1"]
[BlackTeam "Wood Green HK 2"]

1. c4 e6 2. g3 d5 3. Nf3 dxc4 4. Qa4+ c6 5. Qxc4 b5 6. Qb3 Nd7 7. Bg2 Bb7 8. d4
Ngf6 9. O-O a6 10. a4 c5 11. axb5 Bd5 12. Qc2 Be4 13. Qd1 axb5 14. Rxa8 Qxa8
15. Nbd2 Bc6 16. dxc5 Nxc5 17. Nb3 Nxb3 18. Qxb3 Be7 19. Bg5 O-O 20. Rc1 h6 21.
Bxf6 Bxf6 22. Ne1 Bxg2 23. Nxg2 Rc8 24. Rxc8+ Qxc8 25. Nf4 Qc1+ 26. Kg2 Qxb2
27. Qf3 Qe5 28. Qa8+ Kh7 29. Qb7 Bg5 30. Nd3 Qxe2 31. Qxb5 Qe4+ 32. Kg1 Bf6 33.
Qb3 Bd4 34. Qd1 e5 35. Ne1 f5 36. Qd2 Bc5 37. Qd1 Be7 38. Nf3 Bf6 39. Kf1 Qg4
40. Qe2 e4 41. Ne1 Qxe2+ 42. Kxe2 Bd4 43. f3 Kg6 44. Nc2 Bc5 45. Na1 h5 46. Nb3
Bg1 47. Kf1 Bxh2 48. Kg2 Bxg3 49. Kxg3 exf3 50. Kxf3 Kf6 51. Nd4 g5 52. Kg3 h4+
53. Kh3 Ke5 54. Nf3+ Kf4 55. Nd4 Ke5 56. Nf3+ Kf6 57. Nd4 Kg6 58. Ne6 Kh6 59.
Nd4 Kg6 60. Ne6 Kf6 61. Nd4 1/2-1/2

[Event "4NCL Division 1d"]
[Site "Hinckley Island ENG"]
[Date "2014.05.05"]
[Round "11.183"]
[White "Houska, Jovanka"]
[Black "D'Costa, Lorin AR"]
[Result "1/2-1/2"]
[WhiteElo "2410"]
[BlackElo "2418"]
[PlyCount "36"]
[EventDate "2014.05.05"]
[WhiteTeam "Wood Green HK 2"]
[BlackTeam "Barbican 4NCL 1"]

1. d4 Nf6 2. Nf3 e6 3. c4 b6 4. g3 Ba6 5. b3 Bb7 6. Bg2 Bb4+ 7. Bd2 c5 8. O-O
O-O 9. Bc3 Na6 10. a3 Bxc3 11. Nxc3 cxd4 12. Qxd4 Qe7 13. e4 d6 14. Qe3 Rfd8
15. Rfd1 Nc5 16. Nd4 g6 17. Rab1 Kg7 18. h3 h5 1/2-1/2

[Event "4NCL Division 1d"]
[Site "Hinckley Island ENG"]
[Date "2014.05.05"]
[Round "11.184"]
[White "Ferguson, Mark"]
[Black "Shaw, John K"]
[Result "1/2-1/2"]
[WhiteElo "2411"]
[BlackElo "2414"]
[PlyCount "25"]
[EventDate "2014.05.05"]
[WhiteTeam "Barbican 4NCL 1"]
[BlackTeam "Wood Green HK 2"]

1. e4 d6 2. d4 Nf6 3. Nc3 e5 4. Nf3 Nbd7 5. Bc4 Be7 6. O-O Nb6 7. Be2 exd4 8.
Qxd4 O-O 9. Bf4 Nfd7 10. Rfe1 Bf6 11. Qd2 Re8 12. Bf1 Ne5 13. Nxe5 1/2-1/2